000 00555nam a2200217Ia 4500
003 OSt
005 20220923230927.0
006 a|||||r|||| 00| 0
007 ta
008 Pun
024 _a306,529
037 _cTextual
040 _aARTS
_cARTS
_bPun
041 _2Pun
_aPun
082 _aO153,6NRAHx, L8
100 _aਰਾਹੀ, ਗੁਰਬਚਨ
_9156291
245 0 _aਕਰਮ ਪ੍ਰਤਿਕਰਮ
260 _c1978
942 _hO153,6NRAHx, L8
_cTEXL
_2CC
999 _c388309
_d388309